Fare spot-Come produrre un telecomunicato pubblicitario (Record n. 69367)
[ formato base ]
| 000 -LEADER | |
|---|---|
| fixed length control field | 01396nam a2200325Ia 4500 |
| 001 - CONTROL NUMBER | |
| control field | 33941 |
| 003 - CONTROL NUMBER IDENTIFIER | |
| control field | IT-RoPAU |
| 008 - FIXED-LENGTH DATA ELEMENTS--GENERAL INFORMATION | |
| fixed length control field | 130308s9999 xx 000 0 und d |
| 040 ## - CATALOGING SOURCE | |
| Original cataloging agency | IT-RoPAU |
| 040 ## - CATALOGING SOURCE | |
| Transcribing agency | IT-RoPAU |
| 041 ## - LANGUAGE CODE | |
| Language code of text/sound track or separate title | ITALIANO |
| 999 ## - SYSTEM CONTROL NUMBERS (KOHA) | |
| Koha Dewey Subclass [OBSOLETE] | SI |
| 100 ## - MAIN ENTRY--PERSONAL NAME | |
| Personal name | Conrad Jon J. |
| 100 ## - MAIN ENTRY--PERSONAL NAME | |
| Miscellaneous information | Codice Aut. SPICS: 14991 |
| 240 ## - UNIFORM TITLE | |
| Uniform title | TV commercial HOW IT IS made (THE) |
| 240 ## - UNIFORM TITLE | |
| Miscellaneous information | Codice Tit. Orig. Spics: T1835 |
| 245 ## - TITLE STATEMENT | |
| Title | Fare spot-Come produrre un telecomunicato pubblicitario |
| 245 ## - TITLE STATEMENT | |
| Remainder of title | Fare Spot-Come produrre un telecomunicato pubblicitario |
| 250 ## - EDITION STATEMENT | |
| Edition statement | 1a ed. |
| 260 ## - PUBLICATION, DISTRIBUTION, ETC. (IMPRINT) | |
| Place of publication, distribution, etc. | MILANO |
| 260 ## - PUBLICATION, DISTRIBUTION, ETC. (IMPRINT) | |
| Name of publisher, distributor, etc. | Lupetti & Co. |
| 260 ## - PUBLICATION, DISTRIBUTION, ETC. (IMPRINT) | |
| Date of publication, distribution, etc. | 1986 [1° Ed.:1986 - Ed.Ling.Originale:1983] |
| 300 ## - PHYSICAL DESCRIPTION | |
| Extent | "160 p. (prefazione: no ; testo: 160)" |
| 500 ## - GENERAL NOTE | |
| General note | Agenzia di Pubblicità Tipi di spot Tecniche di Produzione Effetti Speciali Attrezzature Speciali Tecniche di Animazione Produzione del Film riprese Produzione in videotape colonna sonora Procedimento di Laboratorio Editing video montaggio On e Off line montaggio del Sonoro Animazione Elettronica Computer Graphic Fissaggio del Filmato su Videonastro Distribuzione Parole Dello spot sistemi tv nel Mondo format Preventivo per costi Produzione spot grand Prix raccontati da Annamaria Testa |
| 650 ## - SUBJECT ADDED ENTRY--TOPICAL TERM | |
| Topical term or geographic name as entry element | LINGUAGGIO DELLA PUBBLICITA' |
| 650 ## - SUBJECT ADDED ENTRY--TOPICAL TERM | |
| Relator term | Codice materia Spics: 6204 |
| 942 ## - ADDED ENTRY ELEMENTS (KOHA) | |
| Koha item type | LIBRO |
| 957 ## - | |
| -- | 1 |
| 999 ## - SYSTEM CONTROL NUMBERS (KOHA) | |
| -- | 1 |
| Withdrawn status | Lost status | Damaged status | Not for loan | Home library | Current library | Date acquired | Total Checkouts | Full call number | Date last seen | Price effective from | Koha item type | Public note |
|---|---|---|---|---|---|---|---|---|---|---|---|---|
| Buone Condizioni | Not For Loan | SPICS-MEDIATECA | SPICS-MEDIATECA | 08/03/2013 | 33941 | 08/03/2013 | 08/03/2013 | LIBRO | Progressivo inserimento: 26407 / N. Volumi: 1 Copie: 1 Copia Rara: SI / data import: 1 marzo 2013 - By Epidotti, Trombetti, Vaglietti. |